Sida y bioética: de la autonomía a la justicia

Guardat en:
Dades bibliogràfiques
Autor principal: Ferrer, Jorge José (Autor)
Format: Llibre
Idioma:espanyol
Publicat: Madrid Universidad Pontificia Comillas 1997
Col·lecció:Publicaciones de la Universidad Pontificia Comillas, 1
Matèries:
Etiquetes: Afegir etiqueta
Sense etiquetes, Sigues el primer a etiquetar aquest registre!

MARC

LEADER 00000nam a2200000 a 4500
001 UCS9993
003 CL-VaPUC
008 971129e19970000SP |||||||||||||||||spa|d
082 0 4 |a 179.7  |b FER  |2 21 
100 0 |a Ferrer, Jorge José  |e author  |9 395270 
245 1 0 |a Sida y bioética: de la autonomía a la justicia 
300 |a 300 p 
942 |c BK 
945 |d 19971129 00:00:00  |a jquezada 
260 |a Madrid  |b Universidad Pontificia Comillas  |c 1997 
650 7 |a DERECHO  |2 CL-VaPUC  |9 395271 
650 0 |a Ética  |9 255099 
650 0 |a Bioética  |9 256117 
650 0 |a Derecho y legislación   |9 255077 
650 0 |a Aspectos morales   |9 256217 
650 0 |a Ética médica  |9 312024 
583 |a last modification  |c 19971129 00:00:00  |k Rodrigo Vera 
490 0 |a Publicaciones de la Universidad Pontificia Comillas, 1 
999 |c 263656  |d 263654 
952 |0 0  |1 0  |4 0  |6 179_700000000000000_FER_1997  |7 0  |8 DER_TF  |9 293018  |a BIBDER  |b BIBDER  |d 2019-11-19  |i 3370615  |o 179.7 FER 1997  |p 3370615  |r 2023-01-25  |w 2019-11-19  |x Ubicación 4to Piso  |y BK  |z Estos recursos deben solicitarse con anticipación  |k DER